00387nam a2200109Ia 4500008004100000082000800041100002100049245009100070942000600161952009500167999001500262240331s9999 xx 000 0 und d bTHI aThiruchandran, S 0aFeminine Speech transmissions :ban exploration into the lullabies and dirges of women cL 001040708LaWERCLbWERCLcSSCd2024-03-31l0o 398 THIp4447r2024-03-31w2024-03-31yL c2986d2986